| 000 | 00772nam a22001817a 4500 | ||
|---|---|---|---|
| 008 | 110913s1993 ua|||||r|||| 00| 0 ara d | ||
| 020 | _a9775140455 | ||
| 082 |
_222 _a270.962 _bق ل ا |
||
| 100 |
_927167 _aقلادة ، وليم سليمان |
||
| 245 |
_aالمسيحية والإسلام في مصر : _bودراسات أخرى / _cوليم سليمان قلادة |
||
| 260 |
_aالقاهرة : _bسينا للنشر، 1993 _c1993 |
||
| 300 |
_a302 ص ؛ _c24 سم |
||
| 650 |
_915435 _aالمسيحية _zمصر |
||
| 650 |
_911306 _aالإسلام والمسيحية _zمصر |
||
| 653 | _bGeneral | ||
| 942 |
_2ddc _cBB |
||
| 999 |
_c16021 _d16021 |
||